000 00284 a2200109 4500
001 ART_33835
005 20260410161708.0
008 260409a
245 1 0 _aDonaciones
100 1 _aDreiling, Paola E.
773 0 _tRevista Impuestos
_g- NÂș 6 (mar. 2006)
_wREV639
999 _c15794
_d15794